00770nam a2200193 4500001000700000003000900007005001700016008004100033080003300074100002100107245017000128246003200298260006000330300005400390600003600444655004000480700003200520852002400552174932ES-MaACL20230906215710.0100714s1998 sp af |||| |dspa d a75 Kirschner, Alex (083.824)1 aKirschner, Alex.10aCon-vivencias, vivencias-con b: Madrid, febrero-marzo 1998 / cAlex Kirschner ; [textos, José Alcázar Iberlucea, Margarita Iglesias, Ricardo Carretero Gramage].3 aConvivencias, vivencias con a[Madrid : bElvira Carreras, Galería de Arte, c1998] a30 p. : bprincipalmente il. col. y n. ; c27 cm.17aKirschner, Alex-vExposiciones. 72tgfbneaCatálogos de exposiciones10aCarretero Gramage, Ricardo.4 aES-MaACLj2280-F-18